Graduation - Kanye West - Statistics

General Stats
  • This quiz has been taken 53 times
  • The average score is 12 of 15
Answer Stats
Songs Plays Artists % Correct
Good Morning 379,363,662 Kanye West
96%
Flashing Lights 1,477,888,996 Kanye West, Dwele
89%
I Wonder 1,004,044,043 Kanye West
89%
Homecoming 914,170,379 Kanye West, Chris Martin
87%
Champion 308,181,071 Kanye West
85%
Stronger 1,652,808,420 Kanye West
85%
Drunk And Hot Girls 69,179,068 Kanye West, Mos Def
83%
The Good Life 537,557,976 Kanye West, T-Pain
83%
Barry Bonds 80,544,534 Kanye West, Lil Wayne
81%
Good Night - Bonus Track 48,733,193 Kanye West, Mos Def, Albe Back
81%
Everything I Am 315,567,112 Kanye West, DJ Premier
74%
Big Brother 84,535,658 Kanye West
72%
The Glory 109,271,357 Kanye West
72%
Can't Tell Me Nothing 828,527,702 Kanye West
70%
Bittersweet Poetry - Kanye West
60%
No matching quizzes found
Score Distribution
Percent of People with Each Score
Percentile by Number Answered
Your Score History
You have not taken this quiz